| 000 | 00812nam a22001935i 4500 | ||
|---|---|---|---|
| 001 | 53652 | ||
| 003 | ES-MaACL | ||
| 005 | 20251004063108.0 | ||
| 007 | t| | ||
| 008 | 960703s1851 sp ||||1| spa d | ||
| 080 | _a336.27:351.72(460)"18" | ||
| 100 | 0 |
_aFernandez de Angulo, Emilio, _cConde de Cabarrús _949621 |
|
| 245 | 1 | 0 |
_aProyecto de proposición de Ley para el arreglo general de la deuda pública española, reducida toda a deuda con interés de 3 por 100 en 10 años y estinguida en 15 : _baumentado y reformado / _cpor Emilio Fernández de Angulo Mellado. |
| 260 |
_aMadrid : _b[s.n.], _c1851 ( _fEstab. Tip. de Mellado) |
||
| 300 |
_a40 p., [1] h. pleg. ; _c20 cm. |
||
| 650 |
_aDeuda pública- _vLegislación- _zEspaña. _9158113 |
||
| 852 | 4 |
_aES-MaACL _jT-7-F-1 |
|
| 999 |
_c53652 _d53652 |
||